000 00262nam a2200109Ia 4500
008 200302s9999 xx 000 0 und d
100 _aAlberto Galardi
245 _aNew Italian Architecture
260 _bThe Architectural Press
260 _c1967
300 _a203 P.,
999 _c253
_d253